header

The economics of time and ignorance (Record no. 31588)

MARC details
000 -LEADER
fixed length control field 01588nam a2200385 a 4500
082 04 - DEWEY DECIMAL CLASSIFICATION NUMBER
Classification number 330.15/7
100 1# - MAIN ENTRY--AUTHOR NAME
Personal name O'Driscoll, Gerald P.
245 14 - TITLE STATEMENT
Title The economics of time and ignorance
260 ## - PUBLICATION, DISTRIBUTION, ETC. (IMPRINT)
Place of publication London ;
-- New York :
Name of publisher Routledge,
Year of publication 2002.
300 ## - PHYSICAL DESCRIPTION
Number of Pages xxxiii, 265 p. :
Other physical details ill.
490 1# - SERIES STATEMENT
Series statement Foundations of the market economy
500 ## - GENERAL NOTE
General note Originally published: Oxford, UK ; New York, NY, USA : B. Blackwell, 1985.
650 #0 - SUBJECT ADDED ENTRY--TOPICAL TERM
Topical Term Austrian school of economics.
Topical Term Time and economic reactions.
Topical Term Uncertainty.
700 1# - ADDED ENTRY--PERSONAL NAME
Personal name Rizzo, Mario J.
Personal name Garrison, Roger W.
856 40 - ELECTRONIC LOCATION AND ACCESS
Uniform Resource Identifier http://site.ebrary.com/lib/rucke/Doc?id=10070737

No items available.

© 2026 Rongo University
Contact us: librarian | system librarian | Rongo university